1139 1879 1062 1004 1696 1056 1174 1619 1715 1251 1641 1727 1861 1292 1653 1425 1093 1461 1345 1841 1883 1408 1399 1688 1510 1342 1507 1075 1769 1796 1559 1214 1525 1808 1140 1911 1547 1078 1345 1059 1706 1006 1471 1580 1449 1662 1597 1660 1552 1993 1117 1715 1222 1610 1560 1424 1070 1479 1512 1781 1435 1970 1318 1154 1098 1562 1050 1880 1069 1841 1158 1896 1695 1769 1434 1168 1992 1901 1769 1179 1203 1082 1016 1527 1452 1716 1631 1839 1987 1533 1157 1290 1841 1458 1246 1476 1378 1704 1521 BCNSPRNW ULIB Ver.6.0+V

เปลี่ยนเป็นภาษาไทย

Change to English
 แสดงรายละเอียดบรรณานุกรม
  กลับหน้าหลัก

Brief Record : Get Marc (ISO 2709) : E-mail record : QR code < ปิดหน้าต่าง
LEADER : 00000nam 2200000uu 4500
001    13399115000
003     ULIB
008    120627s2552||||th 000 0 tha d
020    ^a9786110600828
090    ^aนว.^bจ793จ 2552
100 0  ^aกระบี่หลงทิศ
245 00 ^aจอมลวงเจ้าเสน่ส์/^cเจี่ยนอิง
250    ^aพิมพ์ครั้งที่ 1
260    ^aกรุงเทพฯ :^bแจ่มใส,^c2552
300    ^a221 หน้า
945    ^p159^l0^i16171
995    ^aกัณชพร
999    ^aใช้งานได้ทุกระบบ
รายการนี้ยังไม่มีแท็ก
คุณยังไม่ได้ล็อกอิน คุณสามารถมีกิจกรรมร่วมกับเว็บไซต์ได้ แต่ต้องล็อกอินก่อน ::
  ล็อกอิน

รายการสื่อสารสนเทศ

ลำดับที่ ประเภท เลขเรียก/บาร์โค้ด สถานที่ สถานะ
1. นวนิยาย
นวนิยาย
นว. จ793จ 2552  
  Barcode: 16171
ห้องสมุดวิทยาเขตสวรรค์ประชารักษ์
►นวนิยาย
บนชั้น
  ขอยืม

รายการใกล้เคียง
    ผู้แต่ง [กระบี่หลงทิศ]

BibComment


ยังไม่เคยถูกคอมเมนท์

คอมเมนท์ทรัพยากรรายการนี้
  คอมเมนท์: จอมลวงเจ้าเสน่ส์..


 Copyright 2026. Bcnsprnw @Library